000 00552cam a2200181 4500
001 ##L134469
008 060808n 000 0 eng u
035 _a(Sirsi) u134469
041 0 _aeng
050 0 4 _a333.0062 $2 18
110 2 _aIncorporated Association of Architects and Surveyors
_94913
245 0 0 _aBye-laws of the Incorporated Association of Architects and Surveyors
260 _a[S.l.]
_b[s.n.]
_c1962 (London
_bClaxton)
300 _a17p.
_c21cm.
520 _aCommenced on 20 January 1962.
690 _aBUILT ENVIRONMENT
942 _n0
999 _c105687
_d105687